Principios de economía (Registro nro. 9166)
[ vista simple ]
| 000 -Cabecera | |
|---|---|
| Campo de control de longitud fija | 01184aam a2200469 4500 |
| 005 - Fecha y hora de la última transacción | |
| Campo de control | 20250701171654.0 |
| 008 - Elementos de longitud fija--Información general | |
| Campo de control de longitud fija | 150713b2015 xxu||||| |||| 00| 0 spa d |
| 020 ## - International Standard Book Number | |
| Número Internacional Estándar del Libro (ISBN) | 9781285165875 |
| 041 ## - Idioma | |
| Código de idioma | Español |
| 082 ## - Clasificación Decimal Dewey | |
| Número de clasificación | 330 M278p7 |
| 100 ## - Entrada principal--Autor personal | |
| Nombre personal | Mankiw, N. Gregory |
| 245 ## - Título propiamente dicho | |
| Título | Principios de economía |
| 250 ## - Edición | |
| Mención de edición | 7 edición |
| 260 ## - Pie de imprenta | |
| Lugar de publicación, distribución, etc. | México |
| 260 ## - Pie de imprenta | |
| Nombre del editor, distribuidor, etc. | Cengage Learning |
| 260 ## - Pie de imprenta | |
| Fecha de publicación, distribución, etc. | 2015 |
| 300 ## - Descripción física | |
| Extensión | 847 páginas |
| 490 ## - Serie | |
| Título de la Serie | Dirección y Administración de Empresas |
| 650 ## - Materia general | |
| Temática (materia general) | ECONOMÍA |
| 650 ## - Materia general | |
| Temática (materia general) | OFERTA Y DEMANDA |
| 650 ## - Materia general | |
| Temática (materia general) | MERCADOS |
| 650 ## - Materia general | |
| Temática (materia general) | MERCADOS DE TRABAJO |
| 650 ## - Materia general | |
| Temática (materia general) | ANÁLISIS DE MERCADOS |
| 650 ## - Materia general | |
| Temática (materia general) | CONSUMIDORES |
| 650 ## - Materia general | |
| Temática (materia general) | POLÍTICA ECONÓMICA |
| 650 ## - Materia general | |
| Temática (materia general) | MACROECONOMÍA |
| 650 ## - Materia general | |
| Temática (materia general) | POLÍTICA MONETARIA |
| 650 ## - Materia general | |
| Temática (materia general) | PRODUCTOS |
| 650 ## - Materia general | |
| Temática (materia general) | DINERO |
| 650 ## - Materia general | |
| Temática (materia general) | FLUCTUACIONES ECONÓMICAS |
| 650 ## - Materia general | |
| Temática (materia general) | COMPORTAMIENTO DE LA EMPRESA |
| 650 ## - Materia general | |
| Temática (materia general) | CONDUCTA DE LA EMPRESA |
| 650 ## - Materia general | |
| Temática (materia general) | OFERTA |
| 650 ## - Materia general | |
| Temática (materia general) | DEMANDA |
| 650 ## - Materia general | |
| Temática (materia general) | IMPUESTOS |
| 650 ## - Materia general | |
| Temática (materia general) | POBREZA |
| 650 ## - Materia general | |
| Temática (materia general) | PRODUCCIÓN |
| 650 ## - Materia general | |
| Temática (materia general) | AHORRO |
| 650 ## - Materia general | |
| Temática (materia general) | INFLACIÓN |
| 650 ## - Materia general | |
| Temática (materia general) | SISTEMA MONETARIO |
| 942 ## - Punto de acceso adicional KOHA | |
| Tipo de ítem KOHA | Libro |
| Fuente del sistema de clasificación o colocación | Dewey Decimal Classification |
| Signatura completa | Código de barras | Tipo de ítem | Programa Académico |
|---|---|---|---|
| 330 M278p7 | 21945 | Libro | |
| 330 M278p7 | 21946 | Libro | |
| 330 M278p7 | 21947 | Libro | |
| 330 M278p7 | 22309 | Libro | |
| 330 M278p7 | 22310 | Libro | |
| 330 M278p7 | 22311 | Libro | |
| 330 M278p7 | 22312 | Libro | |
| 330 M278p7 | 22308 | Libro | |
| 330 M278p7 | 22760 | Libro | |
| 330 M278p7 | 22761 | Libro | |
| 330 M278p7 | 22762 | Libro | |
| 330 M278p7 | 22763 | Libro | |
| 330 M278p7 | 25760 | Libro | Dirección y Administración de Empresas |